000 00484nam a22001817a 4500
005 20170417112132.0
010 _aENG-117828
020 _a9789382549284
_c200.00
035 _aEN-101360
037 _bDBAD/PUB
082 _aN
100 _aChawdhuri,Bipul Ranjan
245 _aliving Durga /
_cby Bipul Ranjan Chawdhuri
260 _aKolkata
_bRachayita
_c2014
270 _a59/5,Garfa Main Road
_bKolkata
_e700075
300 _axvi,138p.
_c20cm(pbk)
942 _2ddc
_cEN
_mCHA
_hN
999 _c138915
_d138915